| 000 | 00495nam a2200169 i 4500 | ||
|---|---|---|---|
| 001 | 124189 | ||
| 003 | ES-MaACL | ||
| 005 | 20230906192336.0 | ||
| 007 | t| | ||
| 008 | 070214s1973 sp r ||||1| spa d | ||
| 110 | 2 |
_aRENFE. _96419 |
|
| 245 | 1 | 0 | _aMemoria correspondiente al ejercicio de 1972. |
| 260 |
_aMadrid : _b[s. n.], _c1973 ( _fGracosa) |
||
| 300 |
_a237 p., 10 lám. col. ; _c27 cm + _e1 map., 3 gráf. |
||
| 610 | 2 | 4 |
_aRENFE- _vMemorias. _9170435 |
| 852 |
_aES-MaACL _jC-55145 _bR.87542 |
||
| 999 |
_c124189 _d124189 |
||